[Event "Prague Golden Blitz op 19th"]
[Site "Prague"]
[Date "2024.06.27"]
[Round "5"]
[White "Zednicek, Filip"]
[Black "Brejnik, Gustav"]
[Result "0-1"]
[WhiteElo "2013"]
[BlackElo "2248"]
[PlyCount "60"]
[EventDate "2024.06.27"]
[EventType "swiss (blitz)"]
[EventRounds "11"]
[EventCountry "CZE"]
[SourceTitle "EXT 2025"]
[Source "ChessBase"]
[SourceDate "2024.10.14"]
[SourceVersion "1"]
[SourceVersionDate "2024.10.14"]
[SourceQuality "1"]

1. e4 c6 2. d4 d5 3. exd5 cxd5 4. c4 Nf6 5. Nc3 Nc6 6. Bg5 Be6 7. cxd5 Nxd5 8. Nf3 g6 9. Bb5 Bg7 10. 0-0 0-0 11. Bxc6 bxc6 12. Ne4 Rb8 13. Rb1 Bf5 14. Re1 Qa5 15. Qd2 Qxa2 16. Nc3 Nxc3 17. Qxc3 Bxb1 18. Bxe7 Rfe8 19. h3 Bf5 20. b4 Qd5 21. Re2 Qd7 22. Qe3 Bf6 23. Bxf6 Rxe3 24. Rxe3 h6 25. Re7 Qd6 26. Bh4 g5 27. Bg3 Qxe7 28. Bxb8 a6 29. Be5 Qxb4 30. g4 Be4 0-1

[Event "CZE-ch Amateur"]
[Site "Luhacovice"]
[Date "2022.03.12"]
[Round "1"]
[White "Zednicek, Filip"]
[Black "Vanek, Ladislav"]
[Result "0-1"]
[WhiteElo "1570"]
[BlackElo "2221"]
[PlyCount "46"]
[EventDate "2022.03.12"]
[EventType "swiss"]
[EventRounds "9"]
[EventCountry "CZE"]
[SourceTitle "EXT 2023"]
[Source "ChessBase"]
[SourceDate "2022.10.05"]
[SourceVersion "1"]
[SourceVersionDate "2022.10.05"]
[SourceQuality "1"]

1. e4 e6 2. d4 d5 3. exd5 exd5 4. c4 Bb4+ 5. Nc3 Nf6 6. Nf3 0-0 7. Be2 dxc4 8. Bxc4 Re8+ 9. Be3 Be6 10. Bxe6 Rxe6 11. 0-0 Nbd7 12. Qb3 a5 13. Rac1 Nb6 14. a3 Bxc3 15. bxc3 a4 16. Qb5 Qd5 17. Qd3 Qb3 18. Ra1 Qc4 19. Qc2 Nfd5 20. Ng5 Rg6 21. Bd2 Nxc3 22. Qxc3 Qxc3 23. Bxc3 Rxg5 0-1

[Event "CZE-ch Betsys Online Blitz"]
[Site "Chess.com INT"]
[Date "2021.04.17"]
[Round "9"]
[White "Zednicek, Filip"]
[Black "Jares, Michal"]
[Result "1-0"]
[WhiteElo "1548"]
[BlackElo "1967"]
[PlyCount "63"]
[EventDate "2021.04.17"]
[EventType "swiss (blitz)"]
[EventRounds "13"]
[EventCountry "CZE"]
[SourceTitle "CBM 201 Extra"]
[Source "ChessBase"]
[SourceDate "2021.05.31"]
[SourceVersion "1"]
[SourceVersionDate "2021.05.31"]
[SourceQuality "1"]

1. e4 c5 2. c3 d5 3. exd5 Qxd5 4. d4 cxd4 5. cxd4 e5 6. Nf3 exd4 7. Qxd4 Qxd4 8. Nxd4 Bc5 9. Nb5 Na6 10. N1c3 Nf6 11. a3 0-0 12. Be2 Bf5 13. b4 Bb6 14. Bf4 Bg6 15. 0-0 Rac8 16. Rac1 Rfd8 17. Na4 Nd5 18. Bg3 h6 19. Rxc8 Rxc8 20. Bf3 Bd3 21. Nd6 Rd8 22. Rc1 Bc7 23. Bxd5 Bxd6 24. Bxd6 Rxd6 25. Bxb7 Kh7 26. Bxa6 Bxa6 27. Nc5 Bb5 28. Re1 Rd2 29. a4 Bc4 30. h3 Rb2 31. b5 Rb4 32. Re7 1-0

[Event "CZE-ch Betsys Online Blitz"]
[Site "Chess.com INT"]
[Date "2021.04.17"]
[Round "4"]
[White "Zednicek, Filip"]
[Black "Velicka, Petr"]
[Result "0-1"]
[WhiteElo "1548"]
[BlackElo "2408"]
[PlyCount "106"]
[EventDate "2021.04.17"]
[EventType "swiss (blitz)"]
[EventRounds "13"]
[EventCountry "CZE"]
[SourceTitle "CBM 201 Extra"]
[Source "ChessBase"]
[SourceDate "2021.05.31"]
[SourceVersion "1"]
[SourceVersionDate "2021.05.31"]
[SourceQuality "1"]

1. e4 Nf6 2. Nc3 e5 3. f4 d5 4. fxe5 Nxe4 5. Nf3 Nc6 6. Bb5 Bg4 7. 0-0 Be7 8. h3 Bh5 9. d3 Nxc3 10. bxc3 0-0 11. Qe1 Bxf3 12. Rxf3 d4 13. Bxc6 bxc6 14. Qg3 g6 15. c4 Qd7 16. Bg5 Bxg5 17. Qxg5 Rae8 18. Re1 Re6 19. Re4 Rfe8 20. Rff4 c5 21. Rf6 Qe7 22. Qf4 Qd7 23. h4 R8e7 24. h5 Qe8 25. hxg6 hxg6 26. Qg3 Rxf6 27. exf6 Rxe4 28. dxe4 Qxe4 29. Qxc7 Qe3+ 30. Kh2 Qg5 31. Qc8+ Kh7 32. Qh3+ Qh6 33. Kg3 Qxh3+ 34. gxh3 g5 35. Kf3 Kg6 36. Ke4 Kxf6 37. Kd5 Ke7 38. Kxc5 f5 39. Kxd4 f4 40. Ke4 Kd6 41. Kf3 Kc5 42. h4 gxh4 43. Kxf4 Kxc4 44. Kg4 Kc3 45. Kxh4 Kxc2 46. Kg4 a5 47. a4 Kb3 48. Kf3 Kxa4 49. Ke2 Kb3 50. Kd2 Kb2 51. Kd3 a4 52. Kc4 a3 53. Kb4 a2 0-1

[Event "CZE-ch U14"]
[Site "Kouty nad Desnou"]
[Date "2020.03.09"]
[Round "4"]
[White "Stocek, Martin"]
[Black "Zednicek, Filip"]
[Result "1/2-1/2"]
[WhiteElo "1772"]
[BlackElo "1365"]
[PlyCount "62"]
[EventDate "2020.03.07"]
[EventType "swiss"]
[EventRounds "7"]
[EventCountry "CZE"]
[SourceTitle "CBM 195 Extra"]
[Source "ChessBase"]
[SourceDate "2020.05.31"]
[SourceVersion "1"]
[SourceVersionDate "2020.05.31"]
[SourceQuality "1"]

1. d4 d5 2. c4 e6 3. Nc3 c5 4. Nf3 Nc6 5. e3 Nf6 6. dxc5 dxc4 7. Qxd8+ Nxd8 8. Bxc4 Bxc5 9. Bb5+ Bd7 10. Bxd7+ Nxd7 11. a3 Rc8 12. Ne4 0-0 13. 0-0 Be7 14. b4 Nf6 15. Ned2 Nc6 16. Nb3 b6 17. Bb2 Nd5 18. g3 Bf6 19. Bxf6 Nxf6 20. Rac1 Rfd8 21. Rc2 h6 22. Rfc1 Ne7 23. Rc7 Nfd5 24. Rxc8 Rxc8 25. Rxc8+ Nxc8 26. Kf1 Nd6 27. Nfd4 Nc4 28. Nc2 Nc3 29. Nbd4 Nb1 30. Nc6 a6 31. a4 Nc3 1/2-1/2

[Event "CZE-ch U14"]
[Site "Kouty nad Desnou"]
[Date "2020.03.08"]
[Round "2"]
[White "Zednicek, Filip"]
[Black "Vilimek, Vit"]
[Result "1-0"]
[WhiteElo "1365"]
[BlackElo "1695"]
[PlyCount "103"]
[EventDate "2020.03.07"]
[EventType "swiss"]
[EventRounds "7"]
[EventCountry "CZE"]
[SourceTitle "CBM 195 Extra"]
[Source "ChessBase"]
[SourceDate "2020.05.31"]
[SourceVersion "1"]
[SourceVersionDate "2020.05.31"]
[SourceQuality "1"]

1. e4 c5 2. Nf3 Nc6 3. d4 cxd4 4. Nxd4 Nf6 5. Nc3 e5 6. Ndb5 d6 7. Bg5 a6 8. Na3 b5 9. Nd5 Be7 10. c3 Nxd5 11. exd5 Bxg5 12. dxc6 0-0 13. Be2 f5 14. Qd5+ Kh8 15. c7 Qxc7 16. Qxa8 e4 17. Qd5 Bb7 18. Qd1 e3 19. 0-0 Rf6 20. Bf3 d5 21. Nc2 Rh6 22. h3 exf2+ 23. Rxf2 Qb6 24. Qd4 Qc7 25. Bxd5 Rd6 26. Rxf5 Bf6 27. Qe4 Bxd5 28. Rxd5 Qc6 29. Re1 Qb6+ 30. Nd4 h6 31. Rxd6 Qxd6 32. Nf5 Qc5+ 33. Kh1 Qf2 34. Nd4 Qg3 35. Qe3 Qd6 36. Nf3 Qc7 37. Nd2 Bg5 38. Qd3 Qc8 39. Nf3 Bf6 40. Ne5 Kg8 41. Qd5+ Kh7 42. Qe4+ Kg8 43. Ng4 Kf7 44. Nxf6 Kxf6 45. Rf1+ Kg5 46. h4+ Kh5 47. Rf5+ Kg6 48. Rf8+ Kh5 49. Rxc8 b4 50. Rc6 b3 51. Qg6+ Kxh4 52. Rc4# 1-0